|
|
|
|
| LEADER |
00000nam a2200000 a 4500 |
| 001 |
UCO3033 |
| 003 |
CL-VaPUC |
| 008 |
000610e19950000IT |||||||||||||||||ita|d |
| 082 |
0 |
4 |
|a 340.02
|b PUR
|2 21
|
| 100 |
0 |
|
|a Purpura, Gianfranco
|e author
|9 446854
|
| 245 |
1 |
0 |
|a Diritto, papiri e scrittura
|
| 300 |
|
|
|a 153 p
|
| 942 |
|
|
|c BK
|
| 945 |
|
|
|d 20000610 00:00:00
|a vberengu
|
| 260 |
|
|
|a Turín
|b G. Giappichelli
|c 1995
|
| 650 |
|
7 |
|a DERECHO
|2 CL-VaPUC
|9 446855
|
| 650 |
|
7 |
|a DOCUMENTO
|2 CL-VaPUC
|9 394666
|
| 650 |
|
0 |
|a Escritura
|9 264941
|
| 650 |
|
0 |
|a Libros
|9 334511
|
| 650 |
|
7 |
|a PAPIROS
|2 CL-VaPUC
|9 318278
|
| 583 |
|
|
|a last modification
|c 20000610 00:00:00
|k Rodrigo Vera
|
| 999 |
|
|
|c 289511
|d 289509
|
| 952 |
|
|
|0 0
|1 0
|4 0
|6 340_020000000000000_PUR_1995
|7 0
|8 DER_ROM
|9 337958
|a BIBDER
|b BIBDER
|d 2019-11-20
|i 3593665
|o 340.02 PUR 1995
|p 3593665
|r 2019-11-20
|w 2019-11-20
|x Ubicación 4to piso
|y BK
|z Este recurso debe solicitarse con anticipación
|k DER
|